000 00491nam a22001817a 4500
005 20230821101349.0
008 230817b |||||||| |||| 00| 0 eng d
020 _a9780323624718
041 _aeng
082 _a616.1 FRO-C
100 _aFROWNFELTER, DONNA AND DEAN , ELIZABETH
_98072
245 _aCARDIOVASCULAR AND PULMONARY PHYSICAL THERAPY: EVIDENCE TO PRACTICE
250 _a6TH ED.
260 _aMISSOURI
_bELSEVIER
_c2023
300 _a828;p
650 _aBPT
_98073
942 _cBK
999 _c8370
_d8368